000
00305nam a2200109Ia 4500
008
171211s9999 xx 000 0 und d
245
_a
Automatisieren mit SIMATIC
245
_c
Hans Berger
260
_c
2010
650
_x
Engineering and Technology
856
_u
http://down.ebook777.com/065/389578348X.pdf
999
_c
350274
_d
350274